Ki gépen száll fölébe-

Bibliographic Details
Other Authors: Kiss, Balázs (novinár) (Interviewer)
Format: Article
Language:Hungarian
PhysicalDescription:Fotografie
ISSN:1339-9810
Subjects:

MARC

LEADER 00000nab a2200000 4500
001 vtls011879898
003 SK-MaSNL
005 20260318140249.0
008 190801|2019 xo |||| || ||00 0|hun
015 |a SNBRB2019/07 
040 |a DSZK  |b slo  |c DSZK  |e rda 
041 |a hun 
043 |a e-xo--- 
044 |a xo  |c SK 
072 7 |a 629  |x Dopravné prostriedky  |2 konspekt 
080 |a 629.7(437.6)  |2 2011 
100 1 |a Kiss, Balázs  |c (novinár)  |4 ivr  |9 491162 
245 1 0 |a Ki gépen száll fölébe-  |c Kiss Balázs, Derzsi Áron 
300 |b Fotografie 
336 |a text  |b txt  |2 rdacontent 
337 |a bez média  |b n  |2 rdamedia 
338 |a zväzok  |b nc  |2 rdacarrier 
600 1 7 |a Derzsi, Áron  |2 dszk  |9 291760 
650 0 7 |a letci  |2 SNKPH  |9 30031 
651 7 |a Vrakúň (Slovensko)  |2 SNKPHgeo  |9 109956 
700 1 |a Derzsi, Áron  |4 ive  |9 291760 
773 0 |t Klikk out  |g Évf. 8, sz. 7 (2019), o. 52-55  |x 1339-9810 
958 |a SK 
958 |a HU 
958 |a RG 
999 |c 1822821  |d 1824751